Normal view
MARC view
- Mughal Muhammad Ilyas
Entry Personal Name
001 - CONTROL NUMBER
- control field: 44901
003 - CONTROL NUMBER IDENTIFIER
- control field: NUST
005 - DATE AND TIME OF LATEST TRANSACTION
- control field: 20210314133116.0
008 - FIXED-LENGTH DATA ELEMENTS
- fixed length control field: 210314|| aca||aabn | a|a d
040 ## - CATALOGING SOURCE
- Original cataloging agency: NUST
- Transcribing agency: NUST
100 ## - HEADING--PERSONAL NAME
- Personal name: Mughal Muhammad Ilyas
670 ## - SOURCE DATA FOUND
- Source citation: Work cat.: (NUST): Mughal Muhammad Ilyas, Concrete Technology, 1986.
